[Event "Nichelino Berruto Memorial 19th"]
[Site "Nichelino"]
[Date "2016.02.22"]
[Round "3"]
[White "Gussone, Claudio"]
[Black "D'Ingiullo, Roberto"]
[Result "0-1"]
[WhiteElo "1752"]
[BlackElo "2091"]
[PlyCount "52"]
[EventDate "2016.02.12"]
[EventType "swiss"]
[EventRounds "6"]
[EventCountry "ITA"]
[SourceTitle "EXT 2018"]
[Source "ChessBase"]
[SourceDate "2017.10.13"]
[SourceVersion "1"]
[SourceVersionDate "2017.10.13"]
[SourceQuality "1"]

1. c4 e5 2. Nc3 Nf6 3. g3 d5 4. cxd5 Nxd5 5. Bg2 c6 6. Nf3 Nd7 7. 0-0 Bd6 8. d3 0-0 9. Ne4 Be7 10. Bd2 h6 11. Rc1 f5 12. Nc3 Bf6 13. a3 Kh7 14. Qc2 N7b6 15. h3 g6 16. Kh2 Be6 17. e3 Qd7 18. h4 Rad8 19. Rcd1 Ne7 20. Bc1 Qe8 21. d4 e4 22. Nd2 Kg7 23. Ne2 g5 24. hxg5 Qh5+ 25. Bh3 hxg5 26. Kg2 Qxe2 0-1

[Event "Nichelino Berruto Memorial 19th"]
[Site "Nichelino"]
[Date "2016.02.19"]
[Round "2"]
[White "Martin, Tiziano"]
[Black "Gussone, Claudio"]
[Result "1/2-1/2"]
[WhiteElo "1911"]
[BlackElo "1752"]
[PlyCount "57"]
[EventDate "2016.02.12"]
[EventType "swiss"]
[EventRounds "6"]
[EventCountry "ITA"]
[SourceTitle "EXT 2018"]
[Source "ChessBase"]
[SourceDate "2017.10.13"]
[SourceVersion "1"]
[SourceVersionDate "2017.10.13"]
[SourceQuality "1"]

1. d4 f5 2. Nf3 d6 3. Nc3 e6 4. e4 Nf6 5. exf5 exf5 6. Bc4 d5 7. Bd3 Be7 8. 0-0 0-0 9. Bf4 c6 10. Qc1 Ne4 11. Ne2 Nd7 12. Ne5 g5 13. Nxd7 Bxd7 14. Be5 Bf6 15. Bxf6 Qxf6 16. f3 Nd6 17. c3 f4 18. Qd2 Bf5 19. Rae1 Bxd3 20. Qxd3 Nf5 21. Nc1 Rae8 22. Qd2 Ne3 23. Rf2 Nc4 24. Qd1 Re3 25. Nd3 Rfe8 26. Rfe2 Rxe2 27. Rxe2 Rxe2 28. Qxe2 Ne3 29. Ne5 1/2-1/2

[Event "Torino Province-ch"]
[Site "Torino"]
[Date "2016.02.02"]
[Round "2"]
[White "Liviabella, Lucio"]
[Black "Gussone, Claudio"]
[Result "0-1"]
[WhiteElo "1581"]
[BlackElo "1752"]
[PlyCount "74"]
[EventDate "2016.01.26"]
[EventType "swiss"]
[EventRounds "7"]
[EventCountry "ITA"]
[SourceTitle "EXT 2018"]
[Source "ChessBase"]
[SourceDate "2017.10.13"]
[SourceVersion "1"]
[SourceVersionDate "2017.10.13"]
[SourceQuality "1"]

1. e4 d5 2. exd5 Qxd5 3. Nc3 Qa5 4. Bc4 Nf6 5. Nge2 Bg4 6. d3 c6 7. Bd2 Qc7 8. h3 Bh5 9. g4 Bg6 10. Bf4 Qd8 11. Qd2 e6 12. a3 Bd6 13. 0-0-0 h6 14. Kb1 Qe7 15. Bxd6 Qxd6 16. f4 Nbd7 17. Rhf1 0-0-0 18. Ng3 Rhf8 19. Qe3 Nd5 20. Bxd5 exd5 21. Qxa7 Kc7 22. Qf2 f6 23. Nge2 Ra8 24. Nd4 Kb8 25. f5 Bf7 26. Rfe1 Ne5 27. Nb3 Kc7 28. Nd4 Kd7 29. Nb3 b5 30. Nc5+ Kc7 31. Ne6+ Bxe6 32. fxe6 b4 33. axb4 Qxb4 34. d4 Rfb8 35. Nxd5+ cxd5 36. c3 Qb6 37. Qh2 Qa5 0-1

[Event "Torino Spinelli Memorial 1st"]
[Site "Torino"]
[Date "2015.12.06"]
[Round "4"]
[White "Gussone, Claudio"]
[Black "Gotti, Marco"]
[Result "1-0"]
[WhiteElo "1748"]
[BlackElo "1713"]
[PlyCount "55"]
[EventDate "2015.12.04"]
[EventType "swiss"]
[EventRounds "5"]
[EventCountry "ITA"]
[SourceTitle "EXT 2018"]
[Source "ChessBase"]
[SourceDate "2017.10.13"]
[SourceVersion "1"]
[SourceVersionDate "2017.10.13"]
[SourceQuality "1"]

1. Nf3 f5 2. c4 Nf6 3. g3 e6 4. d4 g6 5. Bg2 Bg7 6. Nc3 c6 7. 0-0 0-0 8. Bf4 Ne4 9. Nxe4 fxe4 10. Ng5 d5 11. cxd5 cxd5 12. e3 Nc6 13. h4 h6 14. Nh3 e5 15. dxe5 Bxh3 16. Bxh3 g5 17. hxg5 hxg5 18. Be6+ Kh7 19. Qh5+ Bh6 20. Kg2 Kg7 21. Rh1 Rf6 22. exf6+ Qxf6 23. Qg4 Rf8 24. Bxd5 Ne5 25. Bxe5 Qxe5 26. Qd7+ Kg6 27. Rxh6+ Kxh6 28. Rh1+ 1-0

[Event "Torino dell'Ariete op"]
[Site "Torino"]
[Date "2015.04.30"]
[Round "6"]
[White "Di Stefano, Marco"]
[Black "Gussone, Claudio"]
[Result "1/2-1/2"]
[WhiteElo "1686"]
[BlackElo "1753"]
[PlyCount "72"]
[EventDate "2015.03.26"]
[EventType "swiss"]
[EventRounds "7"]
[EventCountry "ITA"]
[SourceTitle "EXT 2017"]
[Source "ChessBase"]
[SourceDate "2016.10.25"]
[SourceVersion "1"]
[SourceVersionDate "2016.10.25"]
[SourceQuality "1"]

1. e4 d5 2. exd5 Qxd5 3. Nc3 Qa5 4. d4 c6 5. Nf3 Bf5 6. Bc4 Nf6 7. Qe2 e6 8. 0-0 Be7 9. Ng5 h6 10. Nf3 0-0 11. Ne5 Nbd7 12. Bf4 Nxe5 13. dxe5 Nd5 14. Bd2 Qc7 15. a3 Bc5 16. Rae1 a5 17. Bb3 b5 18. Qf3 a4 19. Bxd5 cxd5 20. Nxd5 Qd7 21. Nf6+ gxf6 22. Bxh6 Rfc8 23. g4 Bxc2 24. Qxf6 Bf8 25. Bxf8 Rxf8 26. Qg5+ Bg6 27. Re3 Qd8 28. Qh6 Qd4 29. Rfe1 Qxg4+ 30. Kh1 Qh5 31. Qf4 Qf5 32. Qh6 Qxf2 33. Rg1 Qf5 34. Rh3 Qe4+ 35. Rg2 Qe1+ 36. Rg1 Qe4+ 1/2-1/2

[Event "Torino dell'Ariete op"]
[Site "Torino"]
[Date "2015.04.16"]
[Round "4"]
[White "D'India, Bruno"]
[Black "Gussone, Claudio"]
[Result "1-0"]
[WhiteElo "1652"]
[BlackElo "1753"]
[PlyCount "71"]
[EventDate "2015.03.26"]
[EventType "swiss"]
[EventRounds "7"]
[EventCountry "ITA"]
[SourceTitle "EXT 2017"]
[Source "ChessBase"]
[SourceDate "2016.10.25"]
[SourceVersion "1"]
[SourceVersionDate "2016.10.25"]
[SourceQuality "1"]

1. d4 d5 2. Nf3 Nf6 3. e3 Bg4 4. c4 e6 5. a3 Be7 6. Be2 0-0 7. Ne5 Bxe2 8. Qxe2 Nbd7 9. Nxd7 Qxd7 10. 0-0 dxc4 11. Qxc4 Rac8 12. b4 b6 13. Bb2 c5 14. bxc5 bxc5 15. Rc1 Qb7 16. Qe2 c4 17. Ra2 Qb3 18. Ba1 c3 19. Qc2 Qd5 20. Nxc3 Rxc3 21. Bxc3 Rc8 22. Rb2 Ne4 23. Rb3 a5 24. Qb2 Bd6 25. Rb1 h6 26. f3 Nf6 27. e4 Qg5 28. e5 Qe3+ 29. Qf2 Qd3 30. Bxa5 Qa6 31. Be1 Bxe5 32. dxe5 Nd5 33. Rb8 Rxb8 34. Rxb8+ Kh7 35. Qc2+ g6 36. Qc8 1-0

[Event "Torino dell'Ariete op"]
[Site "Torino"]
[Date "2015.03.26"]
[Round "1"]
[White "Gussone, Claudio"]
[Black "Peruffo, Giovanni"]
[Result "1-0"]
[WhiteElo "1753"]
[BlackElo "1520"]
[PlyCount "107"]
[EventDate "2015.03.26"]
[EventType "swiss"]
[EventRounds "7"]
[EventCountry "ITA"]
[SourceTitle "EXT 2017"]
[Source "ChessBase"]
[SourceDate "2016.10.25"]
[SourceVersion "1"]
[SourceVersionDate "2016.10.25"]
[SourceQuality "1"]

1. d4 d5 2. f4 e6 3. Nf3 f6 4. e3 Ne7 5. c4 b6 6. Nc3 Bb7 7. cxd5 Nxd5 8. Bd2 a6 9. Be2 Be7 10. 0-0 0-0 11. a3 Nd7 12. Qc2 c5 13. Qe4 e5 14. Bc4 f5 15. Qc2 N7f6 16. fxe5 Ne4 17. Nxe4 b5 18. Bxd5+ Bxd5 19. Nxc5 Rc8 20. b4 Bc4 21. Rf2 Bd5 22. Bc3 Rc6 23. Nd2 Bg5 24. Re2 f4 25. e4 Bf7 26. d5 Rh6 27. Nf3 Bh5 28. Ne6 Qb6+ 29. Bd4 Qb7 30. Nexg5 Rg6 31. Rf2 h6 32. Ne6 Rc8 33. Qb2 Bg4 34. Nxf4 Qf7 35. Nxg6 Qxg6 36. Re1 Rf8 37. Nh4 Qg5 38. Rxf8+ Kxf8 39. Qf2+ Kg8 40. Rf1 Qe7 41. Nf5 Qe8 42. e6 Bxf5 43. Qxf5 Qe7 44. Qf7+ Qxf7 45. Rxf7 h5 46. Rxg7+ Kf8 47. e7+ Ke8 48. Rg8+ Kxe7 49. e5 h4 50. Bc5+ Kd7 51. e6+ Kc7 52. e7 h3 53. e8Q a5 54. Rg7# 1-0

[Event "Torino Province-ch"]
[Site "Torino"]
[Date "2015.02.26"]
[Round "5"]
[White "Gussone, Claudio"]
[Black "Parisi, Gianmario"]
[Result "1-0"]
[WhiteElo "1753"]
[BlackElo "1843"]
[PlyCount "127"]
[EventDate "2015.01.29"]
[EventType "swiss"]
[EventRounds "7"]
[EventCountry "ITA"]
[SourceTitle "EXT 2017"]
[Source "ChessBase"]
[SourceDate "2016.10.25"]
[SourceVersion "1"]
[SourceVersionDate "2016.10.25"]
[SourceQuality "1"]

1. d4 e6 2. e4 d5 3. e5 c5 4. c3 Nc6 5. Be3 Nge7 6. Nf3 Nf5 7. Be2 cxd4 8. cxd4 Bb4+ 9. Nc3 0-0 10. 0-0 Bd7 11. Qd3 Rc8 12. Rac1 Be7 13. Qb1 Nh4 14. Nxh4 Bxh4 15. Bd3 g6 16. a3 f5 17. exf6 Bxf6 18. Ne2 Qe7 19. b4 Qg7 20. Qb2 Ne7 21. Qd2 Qf7 22. Nc3 e5 23. dxe5 Bxe5 24. Bh6 Bf4 25. Bxf4 Qxf4 26. Qxf4 Rxf4 27. Ne2 Rff8 28. Nd4 Nc6 29. Nb3 Ne5 30. Be2 b6 31. Ba6 Rc6 32. Nd4 Rxc1 33. Rxc1 Ba4 34. f3 Rf4 35. Ne6 Rf6 36. Rc8+ Kf7 37. Ng5+ Kg7 38. f4 Ng4 39. Rc7+ Kg8 40. g3 h6 41. Nf3 Rc6 42. Rxc6 Bxc6 43. Bd3 Kg7 44. h3 Nf6 45. Ne5 Be8 46. Kf2 Bf7 47. Ke3 g5 48. fxg5 hxg5 49. Nxf7 Kxf7 50. Kd4 Ke6 51. h4 gxh4 52. gxh4 Nh5 53. Be2 Nf6 54. h5 Kd6 55. h6 a5 56. Bf3 axb4 57. axb4 Ke6 58. Bxd5+ Nxd5 59. h7 Nxb4 60. h8Q Nc6+ 61. Kc3 Kd6 62. Qh6+ Kc5 63. Qg5+ Kd6 64. Kc4 1-0

[Event "Torino Province-ch"]
[Site "Torino"]
[Date "2015.02.19"]
[Round "4"]
[White "Plenzick, Angelo Mario"]
[Black "Gussone, Claudio"]
[Result "0-1"]
[WhiteElo "1725"]
[BlackElo "1753"]
[PlyCount "90"]
[EventDate "2015.01.29"]
[EventType "swiss"]
[EventRounds "7"]
[EventCountry "ITA"]
[SourceTitle "EXT 2017"]
[Source "ChessBase"]
[SourceDate "2016.10.25"]
[SourceVersion "1"]
[SourceVersionDate "2016.10.25"]
[SourceQuality "1"]

1. f4 d5 2. Nf3 Nf6 3. e3 c5 4. b3 Bf5 5. Bb5+ Bd7 6. Qe2 a6 7. Bxd7+ Nbxd7 8. Bb2 e6 9. 0-0 Be7 10. d3 b5 11. Nbd2 0-0 12. a4 b4 13. Kh1 Qa5 14. Rae1 Bd6 15. Ng5 h6 16. Nh3 Qc7 17. g3 Rfe8 18. Rf2 e5 19. fxe5 Bxe5 20. Bxe5 Qxe5 21. Qf3 Re7 22. Nc4 Qe6 23. Nf4 Qf5 24. Nd6 Qe5 25. Nc4 Qg5 26. Rff1 Rae8 27. Nd2 Ne5 28. Qg2 Neg4 29. Nf3 Qf5 30. Nh4 Qd7 31. Qg1 g5 32. Nfg2 gxh4 33. gxh4 Qd6 34. h3 Ne5 35. d4 cxd4 36. exd4 Ng6 37. Rxe7 Qxe7 38. Re1 Ne4 39. h5 Nf8 40. Nf4+ Kh7 41. Qe3 Qh4 42. Rg1 Ne6 43. Rg4 Nf2+ 44. Kg1 Nxg4 45. Qd3+ Kg8 0-1

[Event "Quarantennale op-B"]
[Site "Cirie"]
[Date "2013.04.27"]
[Round "2"]
[White "Gussone, Claudio"]
[Black "Lo Curto, Andrea"]
[Result "1/2-1/2"]
[WhiteElo "1815"]
[BlackElo "1589"]
[PlyCount "104"]
[EventDate "2013.04.27"]
[EventType "swiss"]
[EventRounds "6"]
[EventCountry "ITA"]
[SourceTitle "EXT 2024"]
[Source "ChessBase"]
[SourceDate "2023.10.10"]
[SourceVersion "1"]
[SourceVersionDate "2023.10.10"]
[SourceQuality "1"]

1. Nf3 d5 2. g3 c5 3. Bg2 Nc6 4. d4 Bg4 5. c3 e6 6. 0-0 Bxf3 7. Bxf3 Nf6 8. Bg5 c4 9. Nd2 Be7 10. Qc2 h6 11. Bxf6 Bxf6 12. e4 Qd7 13. Rfe1 0-0 14. e5 Be7 15. Bg4 g6 16. Nf1 h5 17. Bh3 b5 18. Ne3 b4 19. Ng2 Bg5 20. f4 Bh6 21. Nh4 bxc3 22. bxc3 Ne7 23. Re2 a5 24. a4 Rab8 25. Ra2 Rb3 26. Nf3 Rfb8 27. Nd2 R3b6 28. Re1 Qb7 29. Kf2 Rb2 30. Rxb2 Qxb2 31. Rc1 Qxc2 32. Rxc2 Bf8 33. Kf3 Kh7 34. g4 Ng8 35. f5 hxg4+ 36. Bxg4 exf5 37. Bh3 Nh6 38. Kf4 Ba3 39. Nf3 Rb2 40. Rd2 Rxd2 41. Nxd2 Bc1 42. Ke3 g5 43. Ke2 Bxd2 44. Kxd2 Ng8 45. Bxf5+ Kh6 46. Bg4 Kg6 47. Ke3 f5 48. exf6 Nxf6 49. Be6 Kh5 50. h3 Kh4 51. Kf3 Kh5 52. Bf7+ Kh4 1/2-1/2

[Event "Torino Province-ch"]
[Site "Torino"]
[Date "2012.04.03"]
[Round "7"]
[White "Gussone, Claudio"]
[Black "Manni, Stefano"]
[Result "0-1"]
[WhiteElo "1744"]
[BlackElo "2034"]
[PlyCount "38"]
[EventDate "2012.02.21"]
[EventType "swiss"]
[EventRounds "7"]
[EventCountry "ITA"]
[SourceTitle "EXT 2015"]
[Source "ChessBase"]
[SourceDate "2014.11.20"]
[SourceVersion "1"]
[SourceVersionDate "2014.11.20"]
[SourceQuality "1"]

1. e4 d5 2. e5 c5 3. d4 Nc6 4. Bb5 Qb6 5. Bxc6+ bxc6 6. dxc5 Qxc5 7. Be3 Qb4+ 8. Nd2 Qxb2 9. Ngf3 e6 10. c4 Ne7 11. cxd5 cxd5 12. Bd4 Qa3 13. Qc2 Ba6 14. Nb3 Rc8 15. Qd2 Nf5 16. Bb2 Qa4 17. Kd1 Bb4 18. Qf4 Qb5 19. Nc1 Qc4 0-1

[Event "Torino Province-ch"]
[Site "Torino"]
[Date "2012.03.06"]
[Round "3"]
[White "Gussone, Claudio"]
[Black "Di Chiara, Mauro"]
[Result "0-1"]
[WhiteElo "1744"]
[BlackElo "2008"]
[PlyCount "66"]
[EventDate "2012.02.21"]
[EventType "swiss"]
[EventRounds "7"]
[EventCountry "ITA"]
[SourceTitle "EXT 2015"]
[Source "ChessBase"]
[SourceDate "2014.11.20"]
[SourceVersion "1"]
[SourceVersionDate "2014.11.20"]
[SourceQuality "1"]

1. e4 c5 2. Nf3 g6 3. g3 Bg7 4. Bg2 Nc6 5. Nc3 d6 6. 0-0 e6 7. d3 Nge7 8. Ne2 0-0 9. c3 d5 10. exd5 Nxd5 11. d4 cxd4 12. Nexd4 Nxd4 13. Nxd4 Qb6 14. Nb3 Rd8 15. Qe2 a5 16. c4 a4 17. cxd5 axb3 18. Be3 Qa6 19. Qxa6 Rxa6 20. axb3 exd5 21. Rxa6 bxa6 22. Rd1 Be6 23. Bd4 Bxd4 24. Rxd4 Rc8 25. Bxd5 Rd8 26. Bxe6 Rxd4 27. Bc4 a5 28. Bb5 Rd2 29. Kg2 Rxb2 30. Bc4 Kf8 31. Kf3 Ke7 32. Ke3 Kd6 33. h4 Kc5 0-1

[Event "Torino Province-ch"]
[Site "Torino"]
[Date "2012.02.28"]
[Round "2"]
[White "Bosetti, Roberto"]
[Black "Gussone, Claudio"]
[Result "0-1"]
[WhiteElo "1874"]
[BlackElo "1744"]
[PlyCount "100"]
[EventDate "2012.02.21"]
[EventType "swiss"]
[EventRounds "7"]
[EventCountry "ITA"]
[SourceTitle "EXT 2015"]
[Source "ChessBase"]
[SourceDate "2014.11.20"]
[SourceVersion "1"]
[SourceVersionDate "2014.11.20"]
[SourceQuality "1"]

1. d4 g6 2. c4 Bg7 3. Nc3 Nf6 4. e4 d6 5. Be2 0-0 6. Be3 c6 7. Nf3 Nbd7 8. 0-0 e5 9. Qc2 Qe7 10. dxe5 dxe5 11. Rad1 Rd8 12. Rd2 Ng4 13. Bg5 f6 14. Bh4 Nf8 15. Rxd8 Qxd8 16. h3 Nh6 17. Rd1 Qc7 18. Qd2 Nf7 19. Bg3 Be6 20. Nd4 Rd8 21. Nxe6 Nxe6 22. Qc2 Nd4 23. Qb1 Nxe2+ 24. Nxe2 Rxd1+ 25. Qxd1 Qd6 26. Qc2 Qc5 27. Qd3 Nd6 28. b3 Bf8 29. Nc3 Qd4 30. Qc2 Bh6 31. Kf1 Qd2 32. Qxd2 Bxd2 33. c5 Bxc3 34. cxd6 Kf7 35. f4 exf4 36. Bxf4 Be5 37. d7 Ke7 38. Be3 b6 39. a4 Kxd7 40. a5 c5 41. axb6 axb6 42. Ke2 Kc6 43. g4 Kb5 44. Bd2 c4 45. bxc4+ Kxc4 46. Bh6 b5 47. Bg7 Kd4 48. Kf3 b4 49. Bf8 b3 50. Ba3 Kd3 0-1

[Event "Nichelino op 12th"]
[Site "Nichelino"]
[Date "2011.10.08"]
[Round "3"]
[White "Gussone, Claudio"]
[Black "Salerno, Carmine"]
[Result "1-0"]
[WhiteElo "1785"]
[BlackElo "1666"]
[PlyCount "73"]
[EventDate "2011.10.06"]
[EventType "swiss"]
[EventRounds "6"]
[EventCountry "ITA"]
[SourceTitle "EXT 2023"]
[Source "ChessBase"]
[SourceDate "2022.10.05"]
[SourceVersion "1"]
[SourceVersionDate "2022.10.05"]
[SourceQuality "1"]

1. e4 c5 2. Nf3 e6 3. g3 Nc6 4. Bg2 Bd6 5. 0-0 Nge7 6. d4 Ng6 7. d5 exd5 8. exd5 Nce5 9. Re1 0-0 10. Ng5 f6 11. Ne4 Qc7 12. Nbc3 a6 13. b3 b5 14. Be3 Nf7 15. Nxd6 Nxd6 16. Qd2 Bb7 17. h4 Rae8 18. Re2 f5 19. h5 Ne5 20. Rae1 Ng4 21. Bf4 Rxe2 22. Rxe2 Nf6 23. Bf3 Qb6 24. Re7 Nde4 25. Nxe4 fxe4 26. Bxe4 Nxe4 27. Rxe4 Qf6 28. c4 b4 29. Qe2 d6 30. Re6 Qa1+ 31. Kg2 Bc8 32. Bxd6 Bxe6 33. Qxe6+ Kh8 34. Bxf8 Qf6 35. Qxf6 gxf6 36. d6 Kg8 37. d7 1-0

[Event "Nichelino op 12th"]
[Site "Nichelino"]
[Date "2011.10.08"]
[Round "4"]
[White "Negro, Francesco P"]
[Black "Gussone, Claudio"]
[Result "1-0"]
[WhiteElo "1823"]
[BlackElo "1785"]
[PlyCount "47"]
[EventDate "2011.10.06"]
[EventType "swiss"]
[EventRounds "6"]
[EventCountry "ITA"]
[SourceTitle "EXT 2023"]
[Source "ChessBase"]
[SourceDate "2022.10.05"]
[SourceVersion "1"]
[SourceVersionDate "2022.10.05"]
[SourceQuality "1"]

1. e4 d6 2. d4 Nf6 3. Nc3 g6 4. f4 Bg7 5. Nf3 c5 6. Bb5+ Bd7 7. e5 Ng4 8. e6 fxe6 9. Ng5 Bxb5 10. Nxe6 Bxd4 11. Qxg4 Bxc3+ 12. bxc3 Qd7 13. f5 Rg8 14. Rb1 Ba6 15. Bh6 Nc6 16. fxg6 Rxg6 17. Ng7+ Kd8 18. Qf4 Kc7 19. Nf5 Qe6+ 20. Kd2 Qe2+ 21. Kc1 Rxg2 22. Rb2 Rag8 23. Ng3 Rg6 24. Nxe2 1-0

[Event "Torino Estate Alfieri A"]
[Site "Torino"]
[Date "2011.06.14"]
[Round "6"]
[White "Boetto, Massimo"]
[Black "Gussone, Claudio"]
[Result "1/2-1/2"]
[WhiteElo "2009"]
[BlackElo "1773"]
[PlyCount "90"]
[EventDate "2011.05.03"]
[EventType "tourn"]
[EventRounds "7"]
[EventCountry "ITA"]
[SourceTitle "EXT 2024"]
[Source "ChessBase"]
[SourceDate "2023.10.10"]
[SourceVersion "1"]
[SourceVersionDate "2023.10.10"]
[SourceQuality "1"]

1. e4 d6 2. d4 Nf6 3. Nc3 g6 4. f4 Bg7 5. Nf3 c5 6. Bb5+ Bd7 7. e5 Ng4 8. e6 fxe6 9. Ng5 Bxb5 10. Nxe6 Bxd4 11. Nxd4 cxd4 12. Qxd4 Qb6 13. Qxb6 axb6 14. Nxb5 Kd7 15. h3 Nf6 16. c4 Na6 17. 0-0 Nb4 18. Bd2 Nd3 19. Bc3 Rhf8 20. Rad1 Nc5 21. a3 Nfe4 22. Bd4 Ng3 23. Rfe1 Nf5 24. Bf2 Rf7 25. Nc3 Kc6 26. b4 Na4 27. b5+ Kd7 28. Nd5 e6 29. Nxb6+ Nxb6 30. Bxb6 Rxa3 31. g4 Nh4 32. Bc5 Rg3+ 33. Kh2 Rg2+ 34. Kh1 Rg3 35. Rxd6+ Kc8 36. Rexe6 Rxh3+ 37. Kg1 Rf8 38. Rc6+ bxc6 39. Rxc6+ Kb7 40. Bxf8 Rg3+ 41. Kh2 Rxg4 42. Bd6 Nf3+ 43. Kh3 h5 44. Rc7+ Kb6 45. Rc6+ Kb7 1/2-1/2

[Event "Torino 150 Italy Unity op B"]
[Site "Torino"]
[Date "2011.06.04"]
[Round "7"]
[White "Manunta, Andrea"]
[Black "Gussone, Claudio"]
[Result "1-0"]
[WhiteElo "1882"]
[BlackElo "1773"]
[PlyCount "101"]
[EventDate "2011.05.31"]
[EventType "swiss"]
[EventRounds "9"]
[EventCountry "ITA"]
[SourceTitle "EXT 2024"]
[Source "ChessBase"]
[SourceDate "2023.10.10"]
[SourceVersion "1"]
[SourceVersionDate "2023.10.10"]
[SourceQuality "1"]

1. d4 f5 2. g3 Nf6 3. Bg2 e6 4. c4 Bb4+ 5. Bd2 Qe7 6. Nc3 d5 7. cxd5 Bxc3 8. bxc3 exd5 9. e3 b6 10. Ne2 Ba6 11. 0-0 Bc4 12. Re1 Nbd7 13. Qc2 0-0 14. Nc1 Rae8 15. Nd3 Qf7 16. Bc1 Qg6 17. Nf4 Qf7 18. Ba3 c5 19. Qa4 g5 20. Nh3 a6 21. Qd1 Ne4 22. Qc1 Qg7 23. f3 Nef6 24. e4 fxe4 25. fxe4 Nxe4 26. Bxe4 dxe4 27. Qxg5 Rf3 28. Qxg7+ Kxg7 29. dxc5 Nxc5 30. Nf4 Nd3 31. Nxd3 Bxd3 32. Rad1 Kg6 33. Bc1 Re6 34. Re3 Rxe3 35. Bxe3 Kf5 36. Rd2 Kg4 37. Rf2 Kh5 38. Rf4 Kg6 39. Rg4+ Kf7 40. Rf4+ Kg6 41. Kf2 a5 42. Rg4+ Kf7 43. Bd4 Rh6 44. h4 Rd6 45. Ke3 h5 46. Rg7+ Kf8 47. Rh7 Rg6 48. Be5 Re6 49. Rxh5 a4 50. a3 Rg6 51. Rf5+ 1-0

[Event "Torino 150 Italy Unity op B"]
[Site "Torino"]
[Date "2011.06.03"]
[Round "5"]
[White "Di Chiara, Mauro"]
[Black "Gussone, Claudio"]
[Result "1-0"]
[WhiteElo "1955"]
[BlackElo "1773"]
[PlyCount "97"]
[EventDate "2011.05.31"]
[EventType "swiss"]
[EventRounds "9"]
[EventCountry "ITA"]
[SourceTitle "EXT 2024"]
[Source "ChessBase"]
[SourceDate "2023.10.10"]
[SourceVersion "1"]
[SourceVersionDate "2023.10.10"]
[SourceQuality "1"]

1. Nf3 f5 2. d3 Nf6 3. e4 fxe4 4. dxe4 Nxe4 5. Bd3 Nf6 6. Ng5 g6 7. Nxh7 Rg8 8. Nxf8 Kxf8 9. Nc3 d5 10. Bf4 Nc6 11. Qf3 g5 12. Bd2 e5 13. Nxd5 Qxd5 14. Qxf6+ Qf7 15. Qxf7+ Kxf7 16. Bc4+ Be6 17. Bxe6+ Kxe6 18. 0-0-0 Kf5 19. f3 Rad8 20. Be3 a6 21. Rxd8 Rxd8 22. Rd1 Rxd1+ 23. Kxd1 Nb4 24. a3 Nd5 25. Ke2 b5 26. Kd3 c6 27. g4+ Kf6 28. Ke4 a5 29. Bf2 Nf4 30. h4 gxh4 31. Bxh4+ Ke6 32. Bg3 Ng6 33. Be1 a4 34. Bc3 Kd6 35. Bd2 Ke6 36. f4 exf4 37. Bxf4 c5 38. Bg3 Nf8 39. Bf2 Nd7 40. g5 b4 41. Be3 bxa3 42. bxa3 Kd6 43. Kf5 Nf8 44. g6 Nxg6 45. Kxg6 Kd5 46. Kf5 Kc4 47. Bd2 Kd4 48. Ke6 c4 49. Kd6 1-0

[Event "Torino 150 Italy Unity op B"]
[Site "Torino"]
[Date "2011.06.01"]
[Round "2"]
[White "Iacomussi, Mario"]
[Black "Gussone, Claudio"]
[Result "1-0"]
[WhiteElo "1755"]
[BlackElo "1773"]
[PlyCount "55"]
[EventDate "2011.05.31"]
[EventType "swiss"]
[EventRounds "9"]
[EventCountry "ITA"]
[SourceTitle "EXT 2024"]
[Source "ChessBase"]
[SourceDate "2023.10.10"]
[SourceVersion "1"]
[SourceVersionDate "2023.10.10"]
[SourceQuality "1"]

1. e4 d6 2. Bc4 Nf6 3. Nc3 g6 4. d4 Bg7 5. Nge2 0-0 6. 0-0 Nxe4 7. Bxf7+ Rxf7 8. Nxe4 Bf5 9. Ng5 Rf8 10. c3 Qc8 11. Nf4 c6 12. Re1 e5 13. dxe5 h6 14. exd6 hxg5 15. Qb3+ Rf7 16. Re7 Qf8 17. Nxg6 Bxg6 18. Bxg5 Na6 19. Qxb7 Nc5 20. Qxc6 Nd3 21. Qd5 Nxf2 22. d7 Be4 23. Qxa8 Qxa8 24. Re8+ Rf8 25. Rxa8 Bxa8 26. Be7 Rb8 27. Bh4 Ne4 28. Rd1 1-0

[Event "Torino Estate Alfieri A"]
[Site "Torino"]
[Date "2011.05.24"]
[Round "4"]
[White "Manni, Stefano"]
[Black "Gussone, Claudio"]
[Result "1-0"]
[WhiteElo "2034"]
[BlackElo "1773"]
[PlyCount "67"]
[EventDate "2011.05.03"]
[EventType "tourn"]
[EventRounds "7"]
[EventCountry "ITA"]
[SourceTitle "EXT 2024"]
[Source "ChessBase"]
[SourceDate "2023.10.10"]
[SourceVersion "1"]
[SourceVersionDate "2023.10.10"]
[SourceQuality "1"]

1. e4 d6 2. d4 Nf6 3. Nc3 g6 4. Be3 Bg7 5. h3 c6 6. Nf3 Nbd7 7. e5 Nd5 8. Nxd5 cxd5 9. exd6 exd6 10. Qd2 Nf6 11. Bh6 Ne4 12. Qf4 Qa5+ 13. c3 0-0 14. Bxg7 Kxg7 15. Bd3 Re8 16. 0-0 Qd8 17. Rfe1 f5 18. h4 Qf6 19. Bb5 Re7 20. Ba4 Bd7 21. Bb3 Bc6 22. Nh2 Qf8 23. Nf1 Rae8 24. Ne3 Nd2 25. Nxf5+ Qxf5 26. Qxd2 Rxe1+ 27. Rxe1 Rf8 28. Re7+ Kg8 29. Qe3 Qb1+ 30. Kh2 Qf5 31. f3 Qh5 32. Kg3 Kh8 33. Bc2 h6 34. Qe6 1-0

[Event "Torino Alfieri op 2nd"]
[Site "Torino"]
[Date "2010.04.24"]
[Round "5"]
[White "Baleja, Marian"]
[Black "Gussone, Claudio"]
[Result "1-0"]
[WhiteElo "1923"]
[BlackElo "1792"]
[PlyCount "65"]
[EventDate "2010.04.21"]
[EventType "swiss"]
[EventRounds "5"]
[EventCountry "ITA"]
[SourceTitle "EXT 2024"]
[Source "ChessBase"]
[SourceDate "2023.10.10"]
[SourceVersion "1"]
[SourceVersionDate "2023.10.10"]
[SourceQuality "1"]

1. e4 d6 2. d4 Nf6 3. Nc3 g6 4. f4 Bg7 5. Nf3 0-0 6. Bd3 Nc6 7. 0-0 Bg4 8. Be3 e5 9. d5 Nd4 10. Bxd4 exd4 11. Ne2 Re8 12. Ng3 h5 13. Re1 h4 14. Nh1 Qd7 15. Nf2 h3 16. gxh3 Bxh3 17. Nxh3 Qxh3 18. Ng5 Qh4 19. Qf3 Re7 20. Re2 Ng4 21. Rg2 Ne3 22. Rg3 Rae8 23. c3 c5 24. Kh1 Bf6 25. cxd4 Bxd4 26. Rag1 Qh8 27. Nxf7 Kxf7 28. e5 Nf5 29. Bxf5 gxf5 30. e6+ Kf8 31. Qh5 Rh7 32. Rg8+ Ke7 33. Qxe8+ 1-0